| Tag |
First Indicator |
Second Indicator |
Subfields |
| LEADER |
00000cam a2200000 a 4500 |
| 001 |
in00002038457 |
| 005 |
20151101050535.0 |
| 008 |
021025s2003 mdu b 001 0 eng |
| 010 |
|
|
|a 2002152244
|
| 015 |
|
|
|a GBA3-Z6526
|
| 020 |
|
|
|a 0847691640 (alk. paper)
|
| 020 |
|
|
|a 0847691659 (pbk. : alk. paper)
|
| 035 |
|
|
|a (OCoLC)ocm50906201
|
| 040 |
|
|
|a DLC
|c DLC
|d YDX
|d UKM
|d XMA
|d UtOrBLW
|
| 043 |
|
|
|a n-us---
|
| 049 |
|
|
|a TXAM
|
| 050 |
0 |
0 |
|a E184.S75
|b G367 2003
|
| 082 |
0 |
0 |
|a 305.868/073
|2 21
|
| 100 |
1 |
|
|a García, John A.
|
| 245 |
1 |
0 |
|a Latino politics in America :
|b community, culture, and interests /
|c John A. Garcia.
|
| 264 |
|
1 |
|a Lanham, Md. :
|b Rowman & Littlefield,
|c [2003]
|
| 264 |
|
4 |
|c ©2003
|
| 300 |
|
|
|a xix, 289 pages ;
|c 26 cm.
|
| 336 |
|
|
|a text
|b txt
|2 rdacontent
|
| 337 |
|
|
|a unmediated
|b n
|2 rdamedia
|
| 338 |
|
|
|a volume
|b nc
|2 rdacarrier
|
| 490 |
1 |
|
|a The spectrum series, race and ethnicity in national and global politics
|
| 504 |
|
|
|a Includes bibliographical references (pages [263]-275) and index.
|
| 505 |
0 |
|
|a An introduction to Latino politics -- Community building in Latino America -- Culture and demographics -- Latino subgroups in the United States -- The politics of interest and culture -- Latino political participation -- Latinos in the electoral arena -- Latino organizations and leadership -- Immigration and Latino immigrants -- Education and voting rights -- Building political alliances -- The Latino community : beyond recognition politics
|
| 650 |
|
0 |
|a Hispanic Americans
|x Politics and government.
|
| 650 |
|
0 |
|a Political participation
|z United States.
|
| 650 |
|
0 |
|a Hispanic Americans
|x Social conditions.
|
| 650 |
|
0 |
|a Hispanic Americans
|x Ethnic identity.
|
| 650 |
|
0 |
|a Community life
|z United States.
|
| 830 |
|
0 |
|a Spectrum series, race and ethnicity in national and global politics.
|
| 948 |
|
|
|a cataloged
|b h
|c 2005/6/21
|d c
|e ceaton
|f 1:43:53 pm
|
| 994 |
|
|
|a C0
|b TXA
|
| 999 |
|
|
|a MARS
|
| 999 |
f |
f |
|s 2aa7e699-2982-39d4-b98c-23cc629cf3d4
|i 73ca156e-933e-3155-9ff9-2c8bfd982f91
|t 0
|
| 952 |
f |
f |
|p normal
|a Texas A&M University
|b College Station
|c Sterling C. Evans Library
|d Evans: Library Stacks
|t 0
|e E184.S75 G367 2003
|h Library of Congress classification
|i unmediated -- volume
|m A14833636879
|
| 998 |
f |
f |
|a E184.S75 G367 2003
|t 0
|l Evans: Library Stacks
|